SOCIOLOGY FOR PHARMACISTS (Record no. 8155)

MARC details
000 -LEADER
fixed length control field 00485nam a22001817a 4500
005 - DATE AND TIME OF LATEST TRANSACTION
control field 20230128131505.0
008 - FIXED-LENGTH DATA ELEMENTS--GENERAL INFORMATION
fixed length control field 221220b |||||||| |||| 00| 0 eng d
020 ## - INTERNATIONAL STANDARD BOOK NUMBER
ISBN 970-0-3672-0084-8
041 ## - LANGUAGE CODE
Language code of text/sound track or separate title eng
082 ## - DEWEY DECIMAL CLASSIFICATION NUMBER
Classification number 613.7 TAV-S
100 ## - MAIN ENTRY--AUTHOR NAME
Personal name TAVLOR , KEVIN ., NETTLETON , SARAH ., HARDING AND GEOFFREY
245 ## - TITLE STATEMENT
Title SOCIOLOGY FOR PHARMACISTS
250 ## - EDITION STATEMENT
Edition statement 2nd ed.
260 ## - PUBLICATION, DISTRIBUTION, ETC. (IMPRINT)
Name of publisher CRS PRESS
Year of publication 2023
300 ## - PHYSICAL DESCRIPTION
Number of Pages 190;P.
650 ## - SUBJECT ADDED ENTRY--TOPICAL TERM
Topical Term PHARMACY
General subdivision D.PHARMA
942 ## - ADDED ENTRY ELEMENTS (KOHA)
Koha item type Books
Holdings
Lost status Damaged status Collection code Home library Current library Shelving location Date acquired Source of acquisition Cost, normal purchase price Full call number Accession Number Koha item type
    Reference JRU Library JRU Library SHELF-4-D 09/11/2022 LOHIA BOOK INTERNATIONAL 595.00 613.7-TAV-S 27175 Books
    PHARMACY JRU Library JRU Library SHELF - 19 - I 09/11/2022 LOHIA BOOK INTERNATIONAL 595.00 613.7-TAV-S 27176 Books
    PHARMACY JRU Library JRU Library SHELF - 19 - I 09/11/2022 LOHIA BOOK INTERNATIONAL 595.00 613.7-TAV-S 27177 Books
    PHARMACY JRU Library JRU Library SHELF - 19 - I 09/11/2022 LOHIA BOOK INTERNATIONAL 595.00 613.7-TAV-S 27178 Books
    PHARMACY JRU Library JRU Library SHELF - 19 - I 09/11/2022 LOHIA BOOK INTERNATIONAL 595.00 613.7-TAV-S 27179 Books
    PHARMACY JRU Library JRU Library SHELF - 19 - I 09/11/2022 LOHIA BOOK INTERNATIONAL 595.00 613.7-TAV-S 27180 Books
    PHARMACY JRU Library JRU Library SHELF - 19 - I 09/11/2022 LOHIA BOOK INTERNATIONAL 595.00 613.7-TAV-S 27181 Books
    PHARMACY JRU Library JRU Library SHELF - 19 - I 09/11/2022 LOHIA BOOK INTERNATIONAL 595.00 613.7-TAV-S 27182 Books
    PHARMACY JRU Library JRU Library SHELF - 19 - I 20/01/2023 LOHIA BOOK INTERNATIONAL 595.00 613.7 TAV-S 27355 Books
    PHARMACY JRU Library JRU Library SHELF - 19 - I 20/01/2023 LOHIA BOOK INTERNATIONAL 595.00 613.7 TAV-S 27356 Books
    PHARMACY JRU Library JRU Library SHELF - 19 - I 20/01/2023 LOHIA BOOK INTERNATIONAL 595.00 613.7 TAV-S 27357 Books
    PHARMACY JRU Library JRU Library SHELF - 19 - I 20/01/2023 LOHIA BOOK INTERNATIONAL 595.00 613.7 TAV-S 27358 Books
    PHARMACY JRU Library JRU Library SHELF - 19 - I 20/01/2023 LOHIA BOOK INTERNATIONAL 595.00 613.7 TAV-S 27359 Books
    PHARMACY JRU Library JRU Library SHELF - 19 - I 20/01/2023 LOHIA BOOK INTERNATIONAL 595.00 613.7 TAV-S 27360 Books
    PHARMACY JRU Library JRU Library SHELF - 19 - I 20/01/2023 LOHIA BOOK INTERNATIONAL 595.00 613.7 TAV-S 27361 Books
    PHARMACY JRU Library JRU Library SHELF - 19 - I 20/01/2023 LOHIA BOOK INTERNATIONAL 595.00 613.7 TAV-S 27362 Books
    PHARMACY JRU Library JRU Library SHELF - 19 - I 20/01/2023 LOHIA BOOK INTERNATIONAL 595.00 613.7 TAV-S 27363 Books
    PHARMACY JRU Library JRU Library SHELF - 19 - I 20/01/2023 LOHIA BOOK INTERNATIONAL 595.00 613.7 TAV-S 27364 Books
    PHARMACY JRU Library JRU Library SHELF - 19 - I 20/01/2023 LOHIA BOOK INTERNATIONAL 595.00 613.7 TAV-S 27365 Books
    PHARMACY JRU Library JRU Library SHELF - 19 - I 20/01/2023 LOHIA BOOK INTERNATIONAL 595.00 613.7 TAV-S 27366 Books